| 000 | 01848nam a2200349Ia 4500 | ||
|---|---|---|---|
| 001 | ebr10072132 | ||
| 003 | CaPaEBR | ||
| 006 | m u | ||
| 007 | cr cn||||||||| | ||
| 008 | 040824s2005 dcu sb 001 0 eng d | ||
| 010 | _z 2004019993 | ||
| 020 | _z0309092965 | ||
| 040 |
_aCaPaEBR _cCaPaEBR |
||
| 035 | _a(OCoLC)70773746 | ||
| 050 | 1 | 4 |
_aRF294 _b.H435 2005eb |
| 082 | 0 | 4 |
_a362.4/264/0973 _222 |
| 245 | 0 | 0 |
_aHearing loss _h[electronic resource] : _bdetermining eligibility for Social Security benefits / _cCommittee on Disability Determination for Individuals with Hearing Impairments, Board on Behavioral, Cognitive, and Sensory Sciences, Division of Behavioral and Social Sciences and Education ; Robert A. Dobie and Susan Van Hemel, editors. |
| 260 |
_aWashington, DC : _bNational Academies Press, _c2005. |
||
| 300 | _axi, 308 p. | ||
| 504 | _aIncludes bibliographical references and index. | ||
| 505 | 0 | _aBasics of sound, the ear, and hearing -- Tests of the auditory system and its functions -- Testing adult hearing : conclusions and recommendations -- Sensory aids, devices, and prostheses -- Impact of hearing loss on daily life and the workplace -- Hearing loss in children. | |
| 533 |
_aElectronic reproduction. _bPalo Alto, Calif. : _cebrary, _d2009. _nAvailable via World Wide Web. _nAccess may be limited to ebrary affiliated libraries. |
||
| 650 | 0 |
_aDeafness _xDiagnosis _zUnited States. |
|
| 650 | 0 |
_aDisability evaluation _zUnited States. |
|
| 650 | 0 |
_aDisability insurance _zUnited States. |
|
| 650 | 0 |
_aSocial security _zUnited States. |
|
| 655 | 7 |
_aElectronic books. _2local |
|
| 700 | 1 | _aDobie, Robert A. | |
| 700 | 1 | _aVan Hemel, Susan B. | |
| 710 | 2 | _aebrary, Inc. | |
| 856 | 4 | 0 |
_uhttp://site.ebrary.com/lib/rucke/Doc?id=10072132 _zAn electronic book accessible through the World Wide Web; click to view |
| 999 |
_c44514 _d44514 |
||